[Event "Bundesliga 1011"]
[Site "Germany"]
[Date "2010.10.09"]
[Round "1.4"]
[White "Areshchenko, Alexander"]
[Black "Ftacnik, Lubomir"]
[Result "1-0"]
[WhiteElo "2664"]
[BlackElo "2568"]
[Annotator "Meyer,CD/Areshchenko"]
[PlyCount "67"]
[EventDate "2010.10.09"]
[EventType "team-tourn"]
[EventRounds "15"]
[EventCountry "GER"]
[SourceTitle "CBM 139"]
[Source "ChessBase"]
[SourceDate "2010.11.18"]
[SourceVersion "1"]
[SourceVersionDate "2010.11.18"]
[SourceQuality "1"]
[WhiteTeam "Werder Bremen"]
[BlackTeam "Hamburger SK"]
[WhiteTeamCountry "GER"]
[BlackTeamCountry "GER"]

1. e4 c5 2. Nf3 d6 3. d4 cxd4 4. Nxd4 Nf6 5. Nc3 e6 6. Be2 a6 7. O-O Be7 8. f4
Qc7 9. Kh1 Nc6 10. Be3 O-O 11. Qe1 Nxd4 12. Bxd4 b5 13. a3 Bb7 14. Qg3 Rad8 ({
Eine altbekannte Alternative ist} 14... Bc6 15. Rae1 Qb7 (15... Rae8 $5) 16.
Bd3 b4 17. Nd1 bxa3 18. bxa3 g6 19. Nf2 {. Hierzu eine ältere Partie von
Areshchenko sowie eine aktuelle Bundesliga-Partie, die er tags zuvor in Bremen
gespielt hat:} Rac8 $5 (19... Nh5 20. Qe3 f6 21. Bc4 Ng7 22. Rb1 Qc8 23. Ba2
Kh8 24. Ng4 e5 $2 (24... Bb5 25. c4 Bc6 $13) 25. fxe5 dxe5 (25... Qxg4 26. exf6
Bxf6 27. Bxf6 Bxe4 28. Qd2 Rae8 29. Kg1 Ba8 30. Ba1 $18 Qd7 31. Rxf8+ Rxf8 32.
Qf2 Rc8 33. Qd4) 26. Nxe5 $1 fxe5 27. Bxe5 $18 Bb5 28. Qd4 Rg8 29. Rf7 Bf8 30.
c4 {1:0/39, A. Areshchenko (2566) - A. Bellaiche (2427), Cappelle la Grande
2003}) 20. Qh3 Rfd8 21. Rb1 Qd7 22. Qh6 (22. Bxf6 $5 Bxf6 23. Ng4 {/\f5}) (22.
f5 $5) 22... Bb5 $1 23. Nh3 Bf8 $2 {Arbeitet dem Angreifer in die Hände.
Alternativen:} (23... d5 $6 24. f5 $1 $40) (23... Bxd3 $1 {konsequent} 24. cxd3
{, z.B.} Rc2 25. Ng5 (25. f5 $4 e5 26. Bb6 Ng4 $19) (25. Rbe1 Qe8 26. Ng5 Qf8
$13 {/=}) 25... e5 26. fxe5 (26. Bb6 Qg4) 26... dxe5 27. Bxe5 (27. Nxh7 $4 Ng4)
27... Qg4 $132 {~~/=}) 24. Qh4 {Danach ist guter Rat teuer.} Nh5 $2 {Der
letzte Fehler. Andere Versuche:} (24... Ne8 $2 25. f5 $1 {und nun z.B.} Be7 (
25... e5 26. fxg6 fxg6 27. Bb6 $18 Be7 (27... Nc7 28. Ng5) 28. Qh6 Ng7 29. Bxd8
) 26. Qf2 $1 exf5 (26... Bxd3 27. fxg6 $18) (26... e5 27. fxg6 fxg6 28. Qf7+
Kh8 29. Be3 Ng7 (29... Nf6 30. Rxf6 Rf8 31. Bxb5 axb5 (31... Qc7 32. Bh6 Rxf7
33. Rxf7 $18) 32. Qe6 $18) 30. Bg5 Bxg5 31. Nxg5 $40 {+-}) 27. Rxb5 $1 axb5 28.
exf5 $40 {+/-/+-} Nf6 29. Bxf6 Bxf6 30. fxg6 fxg6 31. Qxf6 Rf8 32. Qa1 Rxf1+
33. Qxf1) (24... e5 $5 {war noch das geringste Übel, wenngleich nach} 25. fxe5
Nh5 (25... dxe5 $2 26. Rxf6 exd4 27. Ng5 h5 28. Nxf7 Bg7 29. Rd6 $18) 26. Bxb5
(26. g4 dxe5 27. Bxe5 Be7 28. Qf2 Rf8 29. Bxb5 axb5 30. Qf3 $16) 26... axb5 27.
exd6 Bxd6 28. c3 $16 Be7 (28... Bxa3 $2 29. Ng5) 29. Qf2 {der weiße Vorteil
unstrittig ist.}) 25. g4 $1 Be7 (25... e5 26. gxh5 exd4 (26... Be7 27. Ng5 Bxg5
28. Qxg5 exd4 29. f5 $18) 27. f5 $40 {+-}) 26. Ng5 $1 e5 (26... Bxg5 27. Qxg5
e5 (27... Ng7 28. Bf6 $1 $18 Rf8 29. Qh6 Ne8 30. g5) (27... Bxd3 28. cxd3 $18
f6 (28... Ng7 29. Bf6 $1 $18) 29. Qh4 $1 Nxf4 30. Bxf6 $18 Nxd3 31. Bxd8 Qxd8 (
31... Rxd8 32. Rb7) 32. Qxd8+ Rxd8 33. Rb7 Ne5 34. g5) 28. gxh5 exd4 29. f5 $40
{+- wie in der Partie}) 27. gxh5 Bxg5 28. Qxg5 exd4 29. f5 $40 {+-} Re8 (29...
Qe8 30. hxg6 fxg6 31. fxg6 Qxg6 32. Qd5+ Kh8 33. Qxd4+ Qg7 34. Rf6 $1 $18 {
- drohend Rg1 -} Rf8 35. Rxd6) 30. f6 Kh8 31. hxg6 Re5 (31... fxg6 32. f7 Rf8
33. Qf6#) 32. Qh6 {1-0, Areshchenko,A (2664)-Lammers,M (2395)/BL 1011 Werder
Bremen - Delmenhorster SK, 2010.  Der patente Hebel f4-f5 wird auch in unserer
Hauptpartie dem Verteidiger zum Verhängnis!}) 15. Rae1 Rd7 16. Bd3 ({Hier
wurde verschiedentlich auch} 16. Bf3 {mit wechselndem Erfolg probiert:} Qc4 17.
Rd1 $13 (17. Bxf6 $2 Bxf6 18. e5 dxe5 19. Bxb7 Rxb7 20. Ne4 Be7 21. fxe5 Qxc2))
16... Re8 ({Oder z.B.} 16... Qd8 17. Qh3 {und} g6 (17... h6) (17... Re8)) 17.
Re3 $5 {Ziemlich ungewöhnlich - Areshchenko möchte seinen Gegner, der als
großer Spezialist der Scheveninger Verteidigung gilt, auf unbekanntes Terrain
locken. Hier ein paar Beispiele zu beliebteren Fortsetzungen:} ({I} 17. Nd1 Qd8
(17... g6 18. Bc3 (18. f5 e5 19. Bc3 Kh8 20. Ne3 Bxe4 21. fxg6 Bxg6 22. Nf5 $44
{Socko,B (2635)-Ftacnik,L (2542), Austria 2008}) 18... Nh5 19. Qh3 Bf6 20. e5
dxe5 21. fxe5 Bg5 22. Qg4 Qd8 23. Nf2 Bh4 24. Re2 Qg5 25. Qxg5 Bxg5 26. Ne4 $14
{Anand,V (2803)-Ivanchuk,V (2740), Leon 2008}) 18. Qh3 Bf8 19. Qh4 e5 20. Bc3
Re6 21. fxe5 dxe5 22. Nf2 Bc5 23. Ng4 Nxg4 24. Qxg4 Bd4 25. Bxd4 Rxd4 $15 {
Areshchenko,A (2664)-Rublevsky,S (2697), Khanty Mansiysk 2009}) ({II} 17. Rf3
Bd8 18. Nd1 e5 19. Bc3 Qc8 20. Nf2 Nh5 $11 21. Qg4 Nf6 22. Qg3 Nh5 23. Qg4 Nf6
24. Qf5 Rde7 25. Qxc8 Bxc8 {Ni Hua (2667)-Hou,Y (2589), Xinghua 2010}) ({III} 
17. Qh3 e5 $11) ({IV} 17. e5 dxe5 18. Bxe5 Qd8 19. Ne4 Nh5 20. Qe3 Nf6 (20...
g6 $5) 21. Bxf6 Bxf6 (21... gxf6 22. f5 $14) 22. Nc5 $36 {Ni Hua (2681)
-Jakovenko,D (2735), Nizhnij Novgorod 2007}) 17... g6 $5 ({I} 17... Qd8 18. Qh3
Bf8 $2 (18... h6 19. Rg3 $40) 19. e5 $2 (19. Nd5 $3 Nxd5 (19... Nxe4 20. Bf6 $1
$18) (19... exd5 20. Bxf6 $18) (19... Ng4 20. Qxg4 exd5 21. e5 g6 22. e6 $18)
20. exd5 g6 21. dxe6 $18) 19... dxe5 20. fxe5 Rxd4 21. exf6 g6 $15 {Smirnov,P 
(2562)-Bocharov,D (2502), St. Petersburg 2002}) ({II} 17... h6 18. e5 dxe5 19.
Bxe5 Qb6 20. Ne4 Qd8 21. b4 Bc6 22. Bb2 $14) 18. Ref3 $5 $146 ({I} 18. Ne2 Qd8
19. Qh3 Bf8 20. Qh4 Bg7 21. Rh3 h6 22. e5 Ne4 23. Qe1 dxe5 24. Bxe5 f6 25. Re3
$2 (25. Nc3 $5) 25... Nc5 $2 (25... Qa8 $3) 26. Bxg6 fxe5 27. Bxe8 Qxe8 28.
fxe5 $15 {Kamsky,G (2690)-Bocharov,D (2592), Khanty Mansiysk 2005}) ({II} 18.
f5 $5 {führt nach} e5 19. Nd5 Bxd5 (19... Nxd5 20. exd5 Bxd5 (20... exd4 $2 21.
fxg6 fxg6 22. Bxg6 $18) 21. fxg6 fxg6 22. Bxg6 $14) 20. exd5 exd4 21. fxg6 dxe3
(21... fxg6 22. Bxg6 $1) 22. gxf7+ Kxf7 (22... Kh8 $4 23. Rxf6 $18) 23. Bxh7
Rh8 24. Qg6+ Kf8 25. Qh6+ Kf7 26. Qg6+ $11 {zum Remis durch Dauerschach. Nun
nach dem Partiezug droht stark f5, dem Schwarz mit einem - eher zweifelhaften
- Gegenstoß im Zentrum zuvorkommt.}) 18... d5 $6 ({Mag zwar logisch erscheinen,
aber flexibler und sicherer ist} 18... Nh5 $5 {, z.B.} 19. Qf2 (19. Qh3 Bf6 20.
Bxf6 Nxf6 21. Qh4 Qd8 22. Rh3 Nh5 $11) (19. Qg4 Bf6 20. Bxf6 Nxf6 21. Qh4 Qd8 {
- 19.Qh3}) 19... Bf6 20. Bxf6 Nxf6 21. Rh3 d5 (21... Ng4 22. Qe2 (22. Qh4 f5)
22... Nf6 23. Qe1 (23. e5 dxe5 24. fxe5 Nd5 25. Ne4 Qxe5 (25... f5 $5 $13 26.
Nd6 (26. exf6 Nf4 27. Rxf4 Qxf4 28. Rf3 Qc7 29. f7+ Rxf7 30. Nf6+ Kf8) 26...
Rxd6 27. exd6 Qxd6 28. Qf2 Qc7 29. b3 Nc3) 26. Nf6+ Qxf6 27. Rxf6 Nxf6 $13 {/=}
) 23... d5 24. e5 Ne4 25. Ne2 (25. Qh4 f5 {, siehe 21...d5}) 25... f6 26. exf6
Rf8 27. Nd4 Rxf6 $14 {/=}) (21... Qd8 22. f5 $14) 22. e5 Ne4 23. Qh4 f5 (23...
h5) 24. exf6 Rf7 $11) 19. e5 Ne4 20. Qe1 $14 {Die festgelegte Bauernstruktur
im Zentrum erlaubt dem Anziehenden gefährliches Spiel am Königsflügel (h-Linie,
Hebel f5).} b4 {Möglicherweise ist diese Aktion am Damenflügel nicht das
geeignete Gegenmittel, da Schwarz aus der Belagerung des Punktes c3 doch
keinen Profit ziehen kann. Anderes:} ({I} 20... f5 $5 21. exf6 Bxf6 22. Ne2 $14
{- /\23.Bxf6 nebst 24.Nd4 -} e5 23. fxe5 Bxe5 24. Qc1 (24. c3 Ng5 25. Re3 Rde7)
24... Bc8 25. c3) ({II} 20... Nxc3 $6 21. bxc3 $1 (21. Bxc3 $6 d4 22. Ba5 $13)
21... Bf8 (21... Bxa3 $2 22. f5 $1 $40 exf5 23. Bxf5 $1 gxf5 (23... Rde7 24.
Qf2 Bc8 (24... Rxe5 25. Bxg6 fxg6 26. Rf7) 25. e6 Rxe6 26. Bxe6 Bxe6 27. c4 $1
Bf8 (27... Bd6 28. Re3 $1) 28. Re3 $1) 24. Qg3+ Kf8 25. Rxf5 $18 Re6 (25... Bc1
26. Rxc1 Re6 27. Rg5 Rg6 28. Rf1 Ke8 29. e6) 26. Rg5 Rg6 27. Rxg6 hxg6 28. Qxg6
$18 Ke8 (28... Re7 29. e6) 29. Qg8+ Bf8 30. e6 Re7 31. Bg7 $18) 22. g4 (22. f5
$2 exf5 23. Qh4 (23. Bxf5 $2 gxf5 24. Rg3+ (24. Qh4 Re6 25. Rh3 h6) 24... Bg7
25. Rxf5 Re6 $19 26. Rf6 (26. Rfg5 Rg6) 26... Kh8) 23... Bg7 24. Rh3 h6 25. e6
fxe6 26. Bxg7 Rxg7 27. Qxh6 Bc8 $19) (22. Qf2 Bg7 23. g4 {Zugumstellung zu 22.
g4}) 22... Bg7 23. Qf2 {/\f5->; ggf. noch h2-h4-h5}) ({III} 20... Rc8 $5 $13
21. g4 Nxc3 (21... Bf8 22. Ne2) (21... Bxa3 22. Nxb5 axb5 23. bxa3) 22. bxc3
Bxa3 23. f5 $13 Qd8 24. h4 Rdc7 25. Qg3 Bb2 26. h5) 21. axb4 Bxb4 22. Rh3 ({
Inkonsequent bzw. gar schlecht sind dagegen: I} 22. Nb5 $6 Qa5 23. c3 Bf8 $13
24. Nd6 Bxd6 25. exd6 Qd8 26. Rh3 Rxd6 27. b4 $44) ({II} 22. Nxd5 $2 Rxd5 23.
Qxb4 a5 24. Qb6 Qxb6 25. Bxb6 Nd2) 22... Qd8 $5 {Jetzt war 23.Nxd5 doch eine
Drohung, weniger 23.Qh4?! wegen ...h5 und ggf. Be7.} ({Interessant ist auch} 
22... Bc5 $6 {, z.B.} 23. Ne2 Qb6 24. Bxc5 $1 ({Die "Auf Biegen und
Brechen-Variante"} 24. c3 Bxd4 25. Nxd4 Qxb2 {scheint nach} 26. Qh4 h5 27. g4
Qxc3 28. Bxe4 Qxd4 29. Bg2 Qc4 30. gxh5 d4 31. Re1 Bxg2+ 32. Kxg2 Rf8 $1 33.
hxg6 fxg6 34. Qh8+ Kf7 35. Qf6+ Ke8 36. Qxg6+ Kd8 37. Qe4 $13 {/= zu verpuffen.
}) 24... Qxc5 (24... Nxc5 25. Qh4 h5 26. f5 $1 exf5 27. Nf4 $40) 25. Qh4 h5 26.
g4 Kg7 (26... d4 $2 27. Kg1) 27. Ng3 $1 Rh8 (27... Nxg3+ 28. Rxg3 $1) (27...
Nf2+ $4 28. Rxf2 Qxf2 29. Nxh5+) 28. f5 $40 {und der Königsflügel steht unter
Feuer.}) 23. Qe3 Nxc3 $2 ({Ein schwerwiegender Fehler, der dem feindlichen
Angriff freie Bahn gibt. Als geringere Übel erscheinen z.B.: I} 23... Bf8 24.
Ra1 (24. g4 f5 $5 25. gxf5 exf5 26. Nxe4 dxe4 $44) 24... Nxc3 25. bxc3 Bg7 (
25... Qe7 26. f5 exf5 27. Bxf5 $1 $14) 26. g4 $14) ({II} 23... Bxc3 $6 24. bxc3
{/\Rh6} Qe7 25. c4 $5 $16 (25. Rh6 $6 Qf8 {/\Qg7})) ({III} 23... Qc7 24. Na4
$14 (24. f5 exf5 25. Qh6 f6 26. exf6 Rf7 27. Nxe4 $1 dxe4 28. Be2 $14)) 24.
bxc3 $2 ({Ein Exempel für automatisches Wiedernehmen. Weiß erkennt die Gunst
des Augenblicks nicht, dabei hätte der sofortige Vorstoß} 24. f5 $3 {, den
ausser "Fritz & Co." wohl kaum jemand "auf der Pfanne" hatte, brutal
durchgeschlagen:} Bf8 (24... exf5 25. Bxf5 $1 Bf8 26. e6 $18) (24... Ne4 25.
Qh6 Ng5 26. f6 Bf8 27. Qxg5 $18 Qc7 28. Rxh7 Kxh7 29. Rf3) 25. bxc3 exf5 26.
Bxf5 Re6 27. Bxe6 fxe6 28. Bc5 Bg7 29. Qd4 $18 {/\Rhf3 oder Qg4}) 24... Bf8 $2
({Mit diesem letzten Übersehen fordert Schwarz das Schicksal noch einmal
heraus, während das hellwache} 24... Bxc3 $1 {die Wogen weitgehend geglättet
hätte:} 25. Bxg6 (25. Bxc3 $2 d4) (25. f5 Bxd4 26. Qxd4 exf5 27. Bxf5 gxf5 (
27... Rc7 $13) 28. Rg3+ Kf8 29. Qf4 d4 30. Qh6+ Ke7 31. Qf6+ {(=)} Kf8 32. Qxf5
Bd5 33. Qxh7 Ke7 34. Qh4+ Kf8 35. Qh7 Ke7 36. Qh4+) 25... fxg6 26. Qxc3 $36 {
mit weißer Initiative, doch Schwarz hat eine verteidigungsfähige Stellung.})
25. f5 $1 $40 {+- Die Attacke läuft nun wie geölt und erinnert stark an den
"wackligen Scheveninger" in der Bundesliga-Partie Areshchenko vs Movsesian, 01.
03. 2009.} exf5 {Ansonsten folgt f5-f6 nebst dem Schwerfiguren-Durchbruch auf
der h-Linie.} ({Falls jedoch} 25... gxf5 {, so kann z.B.} 26. Rg3+ Kh8 27. Rxf5
exf5 28. e6+ f6 29. Qg5 Rg7 (29... Bg7 30. Qxf5) 30. Qxf5 {folgen.}) 26. Bxf5
gxf5 ({Oder z.B.: I} 26... Bc8 27. Rxh7 $1 Kxh7 28. Qh3+ Bh6 (28... Kg8 29. e6
Bg7 30. exd7 Bxd7 31. Bxd7) 29. Bxd7 Qxd7 30. Qxd7 Bxd7 31. Rxf7+ Kg8 32. Rxd7
Ra8 33. Rxd5 a5 34. e6) ({II} 26... Rde7 27. e6 Rxe6 (27... Qd6 28. exf7+ Rxf7
29. Qxe8) 28. Bxe6 Rxe6 29. Rxh7 $1) ({III} 26... Re6 27. Bxe6 fxe6 28. Rhf3 {
nebst technischem Gewinn}) 27. Rg3+ Kh8 28. e6+ f6 29. Rxf5 ({Der Angreifer
hat die Wahl der Mittel. Vor Ort hatten die Fans die Alternative} 29. Qg5 {
präferiert:} Bg7 (29... Rg7 30. Bxf6 Qe7 31. Rxf5 Bc8 (31... Kg8 32. Bxe7) 32.
Bxe7 Rxg5 33. Bf6+ Rg7 (33... Bg7 34. Rgxg5) 34. Be5 Kg8 35. Bxg7 Bxg7 36. Rf7)
30. Qxf5 Rc7 31. Rf4 $1 {/\Rh4 oder Rh3}) 29... Bg7 30. Rh5 ({Auch: I} 30. Rxg7
Rxg7 31. Bxf6 Qxf6 32. Rxf6 Kg8 33. Qe5) ({II} 30. Rxf6 Bxf6 (30... Qxf6 31.
Bxf6 Bxf6 32. exd7) 31. e7 Rexe7 32. Bxf6+ Rg7 33. Bxd8 Rxd8 34. Rxg7) 30...
Rc7 31. Qd3 h6 32. Rxg7 Rxg7 (32... Kxg7 33. Qg3+ Kf8 (33... Kh7 34. Qh4 Kg7
35. Rxh6) (33... Kh8 34. Rxh6+ Rh7 35. Rxf6 Rg7 36. Rh6+ Kg8 37. Qxg7#) 34.
Rxh6 Rxe6 35. Rh8+ Ke7 36. Rh7+ Kf8 37. Bc5+) 33. Rxh6+ Kg8 34. Qh3 {nebst
undeckbarem Matt. Ein gefälliges Feuerwerk.} 1-0

[Event "URS-ch47 First League"]
[Site "Frunze"]
[Date "1979.10.??"]
[Round "9"]
[White "Dolmatov, Sergey"]
[Black "Anikaev, Yuri N"]
[Result "1-0"]
[WhiteElo "2495"]
[BlackElo "2455"]
[Annotator "Moiseev,V"]
[PlyCount "107"]
[EventDate "1979.10.??"]
[EventType "tourn"]
[EventRounds "17"]
[EventCountry "URS"]
[EventCategory "9"]
[SourceTitle "MCL"]
[Source "ChessBase"]
[SourceDate "1999.07.01"]
[SourceVersion "1"]
[SourceVersionDate "1999.07.01"]
[SourceQuality "1"]

1. e4 c5 2. Nf3 d6 3. d4 cxd4 4. Nxd4 Nf6 5. Nc3 e6 6. Be2 Be7 7. O-O O-O 8. f4
Nc6 9. Be3 Bd7 10. Nb3 a6 11. a4 Na5 12. e5 Ne8 13. Nxa5 Qxa5 14. Qd2 (14. Ne4
Qc7 15. a5 d5 (15... Bc6 16. Bb6 Qd7 17. Bf3 Rc8 18. Rf2 Bxe4 19. Bxe4 f5 20.
Bf3 d5 21. b3 $14 {Razuvaev/}) 16. Nd2 $5 $14 {Dolmatov,S-Razuvaev,Y/Rostov/
1993/0:1/78/}) (14. Bd4 $5) 14... Kh8 (14... Rc8 15. Bf3 Qc7 16. a5 Bc6 17. Bb6
Qb8 18. Rae1 Bd8 19. Kh1 Bxf3 20. Rxf3 Rc6 $14 {Geller,E-Espig,L/Dortmund/1991/
1/2-1/2/82}) (14... Bc6 $6 15. b4 $1 $16) 15. Bd4 dxe5 (15... f6 16. Qe3 $14)
16. fxe5 Bc6 (16... Bc5 $6 17. Bf3 $16) 17. Qe3 Nc7 18. Bd3 $1 (18. Bb6 Nd5 19.
Nxd5 Qxd5 20. Bf3 Qc4 21. b3 $14) 18... Nd5 19. Qh3 h6 20. Rf6 Kg8 $8 (20...
Bc5 $2 21. Rxh6+ $18) 21. Rxh6 (21. Ne4 $1 Rfd8 (21... Nb4 22. Rxh6 gxh6 23.
Qxh6 Nxd3 24. Nf6+ Bxf6 25. exf6 $18) 22. Rxh6 $1 gxh6 23. Qxh6 Bf8 24. Qh5 (
24. Nf6+ $2 Nxf6 25. Qg5+ Bg7 $19) 24... Bg7 (24... f5 25. exf6 $18) 25. Ng5
Rd7 26. Rf1 $1 (26. Qh7+ Kf8 27. Nxe6+ $2 fxe6 28. Rf1+ Rf7 $19) (26. Bh7+ Kf8
27. Nxe6+ fxe6 28. Rf1+ Nf6 $1) 26... f5 (26... Nf4 27. Rxf4 Qe1+ 28. Rf1) 27.
Qh7+ Kf8 28. Nxe6+ $18) 21... gxh6 22. Qxh6 f5 23. exf6 $1 (23. Qg6+ $10) 23...
Rxf6 24. Bh7+ $1 Kf7 (24... Kh8 $2 25. Bg6+ Kg8 26. Qh7+ Kf8 27. Bxf6 $18) 25.
Bxf6 Bxf6 (25... Nxf6 $2 26. Qg6+ Kf8 27. Rf1 $18) 26. Rf1 Qc5+ 27. Kh1 Qf8 (
27... Qd4 28. Ne4 Rf8 29. Rxf6+ $1 Nxf6 30. Ng5+ Ke8 31. Qg6+ Kd7 32. Qg7+ Kd6
33. Qxf8+ $18) 28. Bg6+ Ke7 29. Qh7+ Qg7 $2 (29... Kd8 $1 30. Ne4 Qe7 31. Qg8+
Kc7 32. Qxa8 Qg7 $13 {Anikaev/}) 30. Qxg7+ Bxg7 31. Rf7+ Kd6 32. Rxg7 Nxc3 33.
bxc3 Bxa4 34. h4 $1 $18 Bc6 35. h5 Rh8 36. Kh2 a5 37. g4 a4 38. Bd3 Kd5 39. Rf7
a3 40. Rf1 e5 41. Kg3 e4 42. Be2 Ra8 43. g5 Ba4 44. g6 Bxc2 45. g7 a2 46. h6 e3
(46... Bb1 47. h7 a1=Q 48. g8=Q+ $18) 47. Rf8 Rxf8 48. gxf8=Q a1=Q 49. Bf3+ Ke6
(49... Kc4 50. Qb4+ Kd3 51. Qd4#) 50. Bg4+ Kd5 51. Qd8+ Kc6 52. Bf3+ Kb5 53.
Qd5+ Ka4 54. Qc4+ 1-0

[Event "Olympiad-35"]
[Site "Bled"]
[Date "2002.11.04"]
[Round "9.1"]
[White "Ye, Jiangchuan"]
[Black "Movsesian, Sergei"]
[Result "1/2-1/2"]
[WhiteElo "2667"]
[BlackElo "2651"]
[Annotator "Movsesian,S"]
[PlyCount "67"]
[EventDate "2002.10.26"]
[EventType "team-swiss"]
[EventRounds "14"]
[EventCountry "SLO"]
[SourceTitle "EXT 2003"]
[Source "ChessBase"]
[SourceDate "2002.11.25"]
[SourceVersion "1"]
[SourceVersionDate "2002.11.25"]
[SourceQuality "1"]
[WhiteTeam "China"]
[BlackTeam "Slovakia"]
[WhiteTeamCountry "CHN"]
[BlackTeamCountry "SVK"]

1. e4 c5 2. Nf3 e6 3. d4 cxd4 4. Nxd4 Nc6 5. Nc3 Qc7 6. Be2 a6 7. O-O Nf6 8.
Kh1 Be7 9. f4 d6 10. a4 O-O 11. Be3 Re8 12. Bd3 Nxd4 13. Bxd4 e5 14. Be3 exf4
15. Rxf4 Be6 16. Nd5 Bxd5 17. exd5 g6 18. Qf3 Nd7 19. Bd4 f6 20. Rh4 Bf8 21.
Qh3 Re7 $1 $146 {This position was considered as a bad one for black, but this
move puts it under question} (21... Ne5 $2 22. Bxe5 dxe5 23. d6 $18) 22. Bxg6
hxg6 23. Rh8+ Kf7 24. Qh7+ Ke8 25. Qxg6+ Rf7 26. Rf1 $1 (26. Rh7 {is risky} Ne5
27. Bxe5 dxe5 28. Rf1 Qe7 $15) 26... Qc4 27. Re1+ Ne5 28. Bxe5 dxe5 29. Rxe5+
$1 fxe5 (29... Kd8 $6 {looked too dangerous to me} 30. Re1 Qxd5 31. Rh3 $40)
30. Qe6+ Re7 31. Qf5 Rf7 32. Qe6+ Re7 33. Qf5 Rf7 34. Qe6+ 1/2-1/2

[Event "Dubai op 6th"]
[Site "Dubai"]
[Date "2004.04.21"]
[Round "3"]
[White "Nisipeanu, Liviu Dieter"]
[Black "Goloshchapov, Alexander"]
[Result "1-0"]
[WhiteElo "2692"]
[BlackElo "2569"]
[Annotator "Mueller,Karsten"]
[PlyCount "155"]
[EventDate "2004.04.19"]
[EventType "swiss"]
[EventRounds "9"]
[EventCountry "UAE"]
[SourceTitle "CBM 101"]
[Source "ChessBase"]
[SourceDate "2004.07.27"]
[SourceVersion "1"]
[SourceVersionDate "2004.07.27"]
[SourceQuality "1"]

1. e4 c5 2. Nf3 Nc6 3. d4 cxd4 4. Nxd4 e6 5. Nc3 Qc7 6. Be2 a6 7. O-O Nf6 8.
Be3 Be7 9. f4 d6 10. a4 O-O 11. Kh1 Re8 12. Bd3 Nb4 13. a5 Bd7 14. Qe1 Nxd3 15.
cxd3 Bc6 16. Qg3 Nd7 17. f5 Bf6 18. Nde2 Rac8 19. fxe6 fxe6 20. d4 Kh8 21. Qg4
b5 22. axb6 Qxb6 23. Bg1 Qb7 24. d5 exd5 25. exd5 Bb5 26. Nxb5 Qxb5 27. Nd4 Qb7
28. Nf5 Ne5 29. Qa4 Qxd5 30. Rfd1 Qc6 31. Nxd6 Qxa4 32. Rxa4 Red8 33. Rxa6 Rb8
34. Re1 Kg8 35. Ne4 Bh4 36. Rb1 Nd3 37. b3 Re8 38. Rd6 Rxe4 39. Rxd3 Be7 40.
Re3 Rbb4 41. Rbe1 Rxe3 42. Rxe3 Bf6 43. g3 h5 44. Kg2 h4 45. Rd3 hxg3 46. hxg3
Rb5 47. Be3 Kf7 48. Bd2 Ke6 49. Kf3 Rc5 50. g4 Rc2 51. Be3 Be5 52. b4 Rh2 53.
Ra3 Rb2 54. Bc5 Kd5 55. Rd3+ Ke6 56. Rd8 Bc3 57. Bd4 $2 {White exchanges into
a drawn rook ending.  Weiß wickelt ins remise Turmendspiel ab.} Rb3 $2 {
and Black does not grasp his opportunity. und Schwarz ergreift die Gelegenheit
nicht} (57... Rd2 $2 58. Re8+ Kd7 59. Bxc3 Rd3+ 60. Re3 $18) (57... Bxd4 58.
Rxd4 Ke5 {and no more can be done. und es geht nicht weiter:} 59. Re4+ Kd5 60.
Rf4 (60. g5 g6 61. Ke3 Rb1 62. Rd4+ Ke5 63. Rc4 Rb3+ 64. Kd2 Kd5 65. Rg4 Kc6
66. Kc2 Rf3 $11) 60... Rb3+ 61. Kf2 Ke5 $11) 58. Bxc3 Rxc3+ 59. Ke4 g5 60. Kd4
Rg3 61. Re8+ Kd6 62. Re4 Rg1 63. Kc4 Rc1+ 64. Kd3 Kd5 65. Rd4+ Ke5 66. Rc4 Rg1
67. Kc2 Rg3 68. b5 Kd5 69. Rb4 Kc5 (69... Rf3 70. b6 Rf8 71. b7 Rb8 72. Kd3 Kc5
73. Rb1 Kc6 74. Ke4 $18) 70. b6 $1 {[%mdl 4096] the decisive point to it. die
entscheidende Pointe} Kxb4 71. b7 Rg2+ 72. Kd3 Rg3+ 73. Ke2 Rxg4 74. b8=Q+ Ka3
(74... Ka4 75. Qa7+ Kb3 76. Qb7+ Rb4 77. Qd5+ $18) 75. Qd6+ Rb4 (75... Kb2 76.
Qf6+ Kc1 77. Kd3 Rg3+ 78. Kc4 Ra3 79. Qxg5+ $18) 76. Kd3 Kb3 77. Qd5+ Kb2 78.
Qxg5 1-0

[Event "EU-Cup 21st"]
[Site "Saint Vincent"]
[Date "2005.09.24"]
[Round "7.3"]
[White "Timofeev, Artyom"]
[Black "Najer, Evgeniy"]
[Result "1-0"]
[WhiteElo "2661"]
[BlackElo "2614"]
[Annotator "Mueller,Karsten"]
[PlyCount "134"]
[EventDate "2005.09.18"]
[EventType "team-swiss"]
[EventRounds "7"]
[EventCountry "ITA"]
[SourceTitle "CBM 110"]
[Source "ChessBase"]
[SourceDate "2006.01.31"]
[SourceVersion "1"]
[SourceVersionDate "2006.01.31"]
[SourceQuality "1"]
[WhiteTeam "Kazan Ladya"]
[BlackTeam "Saransk"]
[WhiteTeamCountry "RUS"]
[BlackTeamCountry "RUS"]

1. e4 c5 2. Nf3 d6 3. d4 cxd4 4. Nxd4 Nf6 5. Nc3 a6 6. Be2 e6 7. O-O Be7 8. f4
O-O 9. Kh1 Qc7 10. a4 Nc6 11. Be3 Re8 12. Bg1 Bd7 13. Nb3 b6 14. Bf3 Nb4 15.
Qe2 Bc6 16. a5 b5 17. Nd1 Bb7 18. c3 Nc6 19. Bb6 Qb8 20. Nf2 Nd7 21. Be3 Qc7
22. Nd3 Rab8 23. Qf2 Ba8 24. g4 d5 25. e5 b4 26. Nbc5 Nxc5 27. Nxc5 Qc8 28. Na4
bxc3 29. Nb6 Qd8 30. bxc3 Bb7 31. Rfd1 Qc7 32. Bg2 Kh8 33. g5 Bf8 34. Bc5 Rbd8
35. Bxf8 Rxf8 36. Qc5 f6 37. exf6 Qxf4 38. fxg7+ Kxg7 39. Re1 Qd6 40. Qe3 Rde8
41. Qh3 Ne5 42. Qg3 Nf7 43. Qh4 Bc6 44. Rad1 Qc5 45. Rd3 d4 46. Qxd4+ Qxd4 47.
cxd4 Bxg2+ 48. Kxg2 Nxg5 49. Rg3 Kh6 50. h4 Nf7 51. Nd7 Rg8 52. Nf6 Rxg3+ 53.
Kxg3 Rd8 54. Rxe6 Rd6 55. d5 Kg6 56. Ne4+ Rxe6 57. dxe6 Ne5 58. h5+ Kg7 59. Kf4
Nc6 60. Kf5 Nxa5 61. h6+ Kf8 62. Kf6 Nc6 63. Ng5 Kg8 64. e7 Nxe7 65. Kxe7 a5 {
[%tqu "De","Kann Weiß trotz des reduzierten Materials noch gewinnen?","","",
"g5e4","Ja, denn er setzt einfach matt:",4]} 66. Ne4 $1 a4 67. Nf6+ Kh8 (67...
Kh8 68. Kf8 a3 69. Ne8 a2 70. Nd6 a1=Q 71. Nf7#) 1-0